000 00301nam a2200121Ia 4500
008 190216s9999||||xx |||||||||||||| ||und||
100 _aJoseph Conrad
245 4 _aThe Nigger Of The Narcissus
260 _bUniversity Of London Press
_c1960
300 _a182p
650 _aEnglish Drama
942 _cBK
999 _c12067
_d12067